00432 2200157 4500001002100000005001500021035002000036245006700056100002000123300002800143260004700171082000800218084001400226020002200240990001200262INLIS00000000000305720250919085227 a0010-09250004041 aWebster's Kamus Lengkap Inggris - Indonesia /cDaru Susilowati0 aDaru Susilowati a703 hlm ;c15 x 20,5 cm aJakarta :bKarisma Publishing Group,c2008 a420 a420 DAR w a978-979-132-758-9 a0755578